Statistics for Composers by Numbers of Symphonies

Click here to take the quiz!

General Stats

  • This quiz has been taken 112 times
  • The average score is 13 of 20

Answer Stats

#one of his workscomposer% Correct
9New WorldDvořák
98%
9PastoralBeethoven
95%
1(Peer Gynt)Grieg
93%
0(Water Music)Handel
90%
10UnfinishedSchubert
90%
106LondonHaydn
86%
6PathétiqueTchaikovsky
85%
15LeningradShostakovich
84%
9ResurrectionMahler
79%
0(Il barbiere di Siviglia)Rossini
76%
41HaffnerMozart
75%
5ScottishMendelssohn
68%
3(In the Steppes of Central Asia)Borodin
58%
0(A kékszakállú herceg vára)
(Bluebeard's Castle)
Bartók
51%
9Sinfonia antarticaVaughan Williams
44%
0(Mother Goose)Ravel
43%
7(Lieutenant Kijé)Prokofiev
42%
2(Coronation March)Elgar
37%
7(På verandan vid havet)Sibelius
33%
67Mt St HelensHovhaness
14%

Score Distribution

Percentile by Number Answered

Percent of People with Each Score

Your Score History

You have not taken this quiz